LEADER 01751nam a2200337 a 4500 001 000000127035 003 CaOOAMICUS 005 20111115171318.0 008 111115s2011 vc 000 u ita r 020 $a978-88-465-0756-3 040 $aPUL$bita 082 04$a230.2 245 00$aSacramento e Parola nel fondamento e contenuto della fede :$bstudi teologici sulla dottrina cattolico-romana ed evangelico-luterana /$cEilert Herms, Lubomir Zak (edd.) 260 $aCittà del Vaticano :$bLateran University Press ; Mohr Siebeck,$c©2011. 300 $a367 p. ;$c24 cm 490 1 $aDibattito per il millennio ;$v18 504 $aBibliografia in nota. 650 4$aTeologia fondamentale.$0(OLS)http://pul/subject/146 650 4$aSacramenti.$0(OLS)http://pul/subject/763 700 1 $aHerms, Eilert.$0(OLS)http://pul/name/42861 700 1 $aZak, Lubomír,$d1964-$0(OLS)http://pul/name/32062 785 06$tBattesimo e sacramento dell'altare nel fondamento e oggetto della fede : .$dCittà del Vaticano : Lateran University Press, 2020.$w()174065 830 0$aDibattito per il millennio ;$v18.$0(OLS)http://pul/title/108982 850 $aPUL 852 $aPUL$W1$xSL Religione 3$y85$m230. 2 HEREI 1$j146894$qDDC 21$B145588$CPULBib$Z2$F145588 $H118430 $82 941 1 $a9 996 $6020$a978-88-465-0756-3$9(OLS)http://pul/number/148483 996 $6082$a230.2$9(OLS)http://pul/classification/486 996 $6245$aSacramento e Parola nel fondamento e contenuto della fede :$bstudi teologici sulla dottrina cattolico-romana ed evangelico-luterana$9(OLS)http://pul/title/160483 996 $6260$aCittà del Vaticano :$bLateran University Press ; Mohr Siebeck$9(OLS)http://pul/publisher/81822 LEADER 01156nam a2200301 a 4500 001 000000168319 003 CaOOAMICUS 005 20180618112825.0 008 180618s1990 fr u000 u fre r 020 $a2070720748* 032 $aLibriCat 040 $aPUL$bita 100 1 $aGreen, André.$0(OLS)http://pul/name/58398 245 13$aLa folie privée :$bpsychanalyse des cas-limites /$cAndré Green. 260 $aParis :$bGallimard,$c©1990. 300 $a410 p. ;$c23 cm. 490 1 $aConnaissance de l'inconscient 504 $aBibliografia in nota. 650 4$aPsicanalisi.$0(OLS)http://pul/subject/1791 830 0$aConnaissance de l'inconscient.$0(OLS)http://pul/title/208618 850 $aPUL 852 $aPUL$W1$xDP1 Fondo Dalla Palma$y117$m7 A 72$j158841$qFondi$B196214$CPULBib$Z2$F196214 $HDal3131 $81 941 1 $a1 960 $aPsicoanalisi$91791 996 $6020$a2070720748*$9(OLS)http://pul/number/164366 996 $6245$aLa folie privée :$bpsychanalyse des cas-limites$9(OLS)http://pul/title/208619 996 $6260$aParis :$bGallimard$9(OLS)http://pul/publisher/48435